00282nam a22000977a 4500003000400000082001900004100003700023245006500060260005100125300000800176SGT a891.4309bJ15S aसरावगी,अलका  aजानकीदास तेजपाल मैंशन  bराजकमल प्रकाशनc2015 a183